Joan Salvat-Papasseit [Enregistrament sonor] / Joan Salvat-Papasseit
ISBN:
84-931497-5-6
Descripción Física:
1 disc òptic (CD) ca 29 min + llibret [51] p. : il. ; 14 x 15 cm ; dins 1 contenidor
Colección:
Poesia / Zanfonia
Materias:
Salvat-Papasseit, Joan -- Poesia
MARC
| LEADER | 00000nam a2200000Ia 4500 | ||
|---|---|---|---|
| 001 | 14413 | ||
| 008 | 160829s2001 xx 000 0 cat d | ||
| 020 | |a 84-931497-5-6 | ||
| 080 | |a CD-1-44 | ||
| 100 | 1 | |a Salvat-Papasseit, Joan, |d 1894-1924 |9 28879 | |
| 245 | |a Joan Salvat-Papasseit [Enregistrament sonor] / Joan Salvat-Papasseit | ||
| 260 | |a Barcelona : |b Zanfonia, |c 2001 | ||
| 300 | |a 1 disc òptic (CD) ca 29 min + llibret [51] p. : |b il. ; |c 14 x 15 cm ; |c dins 1 contenidor | ||
| 490 | |a Poesia / Zanfonia | ||
| 590 | |a Breu introducció biogràfica per Ana Mª Moix. Lectura: Jordi Dauder. Direcció d'intèrprets: Esther Formosa. Sel·lecció de poemes: Ana Mª Moix. Música: Música per a piano de Frederic Mompou, interpretada per Josep Mª Escribano | ||
| 650 | |a Salvat-Papasseit, Joan |x Poesia |9 28880 | ||
| 700 | |a Moix, Ana María, |d 1947-2014 |9 34527 | ||
| 700 | |a Dauder, Jordi, |d 1938-2011 |9 28881 | ||
| 700 | |a Escribano, Josep Maria |9 22501 | ||
| 901 | |a Arxiu | ||
| 942 | |n 1 | ||
| 952 | |0 0 |1 0 |4 0 |6 CD144 |7 1 |9 44965 |a Arxiu |b Arxiu |d 2016-12-01 |l 0 |o CD-1-44 |p 14413 |r 2016-12-01 00:00:00 |w 2016-12-01 |y ARXIU | ||
| 999 | |c 47564 |d 47564 | ||